000 00700nam a22002537a 4500
003 UA-OsUOA
001 26682
007 ta
008 20040608b un ||||| |||| 00| 0 ukr d
100 _aДавіташвілі Джуна
090 _a61
_bД13
942 _cBK
040 _aUA-OsUOA
_bukr
_cUA-OsUOA
_dUA-OsUOA
245 _aСлухаю свої руки
_cД. Давіташвілі; Пер. з рос. А.М. ТаранаПер. з рос. А.М.Тарана
300 _a176 с.
_bІлюстрації
955 _a0
041 _aukr
080 _a61
020 _a5-7720-0625-8
260 _aКиїв
_bМолодь
_c1990
044 _aUA
650 7 _2UDC
999 _c313010
_d313010